Postup a metódy finančnej analýzy vo firmách s podvojným účtovníctvom

Zisťovanie finančnej situácie podniku je predmetom finančnej analýzy . Vonkajšie a vnútorné súvislosti ovplyvňujúce finančnú situáciu podniku. Analýza finančnej situácie firmy pomocou pomerových ukazovateľov. Členenie finančných ukazovateľov: ukazovatele likvidity, ukazovatele aktivity, ukazovatele...

Ausführliche Beschreibung

Gespeichert in:
Bibliographische Detailangaben
1. Verfasser: Zalai, Karol
Format: Buchkapitel
Sprache:Slowakisch
Schlagworte:
Tags: Tag hinzufügen
Keine Tags, Fügen Sie das erste Tag hinzu!

MARC

LEADER 00000naa a2200000 4500
001 r021325
005 20230912111219.4
041 0 |a slo 
044 |a SK 
245 1 0 |a Postup a metódy finančnej analýzy vo firmách s podvojným účtovníctvom  |c Karol Zalai 
520 |a Zisťovanie finančnej situácie podniku je predmetom finančnej analýzy . Vonkajšie a vnútorné súvislosti ovplyvňujúce finančnú situáciu podniku. Analýza finančnej situácie firmy pomocou pomerových ukazovateľov. Členenie finančných ukazovateľov: ukazovatele likvidity, ukazovatele aktivity, ukazovatele zadlženosti, ukazovatele rentability, ukazovatele trhovej hodnoty podniku. Charakteristika ukazovateľov. Objektivizácia záverov finančnej analýzy. Prehľad o peňažných tokoch. Praktická časť analýzy na príklade firmy. 
610 2 0 |a analýza finančná 
610 2 0 |a firmy 
610 2 0 |a podnikanie 
610 2 0 |a účtovníctvo podvojné 
610 2 0 |a ukazovatele 
610 2 0 |a ukazovatele finančné 
610 2 0 |a cash flow 
610 2 0 |a aktíva 
610 2 0 |a pasíva 
610 2 0 |a výsledok hospodársky 
610 2 0 |a hospodárenie finančné 
100 1 |a Zalai, Karol